Statistiques concernant Films commençant par F par images

Cliquez ici pour prendre le quiz!

Statistiques générales

  • Ce quiz a été pris 824 fois
  • Le résultat moyen est 9 sur 24

Statistiques - réponses

Réponse% Correct
Forrest Gump
98%
Fast and Furious
85%
Frankenstein
80%
Fantasia
73%
Fantomas
68%
Freddy les griffes de la nuit
62%
Le fabuleux destin d'Amélie Poulain
56%
Fury
45%
La Famille Bélier
43%
Full Metal Jacket
42%
La Folie des Grandeurs
41%
Fenêtre sur cour
29%
Fantastic Mr. Fox
28%
Frankenweenie
28%
Fumer fait tousser
17%
Fargo
16%
Fanfan la Tulipe
14%
Fame
13%
First Man, Le Premier Homme sur la Lune
13%
Fonzy
13%
Fous d'Irène
11%
Frantz
10%
Les Femmes du 6e étage
8%
La Famille Tenenbaum
7%

Distribution des résultats

Percentile par nombre de réponses

% des personnes avec chaque résultat

Votre développement - résultats

Vous n’avez pas pris ce quiz